Normale Ansicht MARC-Ansicht ISBD

Vospominanija ob Igore Vasilʹeviče Kurčatove (Titelsatznr. 56913)

[ MARC ]
MARC-Details
000 -Satzkennung
Kontrollfeld mit fester Länge 01110cam a2200337 4500
001 - Kontrollnummer
Kontrollfeld 01686025X
003 - Kontrollnummer Identifier
Kontrollfeld DE-627
005 - Datum und Zeit der letzten Transaktion
Kontrollfeld 20211002164226.0
007 - Feld mit fester Länge zur physischen Beschreibung - Allgemeine Information
Kontrollfeld mit fester Länge tu
008 - Feld mit fester Länge zur physischen Beschreibung - Allgemeine Angaben
Kontrollfeld mit fester Länge 881130s1988 ru ||||| 00| ||rus c
020 ## - Internationale Standardbuchnummer
Internationale Standardbuchnummer 5020000477
Verknüpfung 5-02-000047-7
035 ## - Systemkontrollnummer
System-Kontrollnummer (DE-627)01686025X
035 ## - Systemkontrollnummer
System-Kontrollnummer (DE-576)077533267
035 ## - Systemkontrollnummer
System-Kontrollnummer (DE-599)GBV01686025X
035 ## - Systemkontrollnummer
System-Kontrollnummer (OCoLC)18424966
035 ## - Systemkontrollnummer
System-Kontrollnummer (OCoLC)185608963
040 ## - Katalogisierungsquelle
Original-Katalogisierungsstelle DE-627
Katalogisierungssprache ger
Übertragungsstelle DE-627
041 ## - Sprachcode
Sprachcode des Textes/der Tonspur oder des separaten Titels rus
245 10 - Titel
Titel Vospominanija ob Igore Vasilʹeviče Kurčatove
Verfasserangabe etc. otv. red. A. P. Aleksandrov
264 #1 - Produktion, Veröffentlichung, Distribution, Herstellung und Urheberrechtsvermerk
Herstellungs-, Veröffentlichungs- Vertriebs-, Erzeugungsort Moskva
Produzent, Herausgeber, Distributor, Hersteller Nauka
Datum der Herstellung, der Veröffentlichung, des Vertriebs oder des Urheberschutzvermerks 1988
300 ## - Physische Beschreibung
Umfang 494 Seiten
Andere physische Details Illustrationen
336 ## - Inhaltstyp
Inhaltstypterm Text
Inhaltstypcode txt
Quelle rdacontent
337 ## - Medientyp
Bezeichnung des Medientyps ohne Hilfsmittel zu benutzen
Medientypcode n
Quelle rdamedia
338 ## - Datenträgertyp
Datenträgertypbezeichnung Band
Datenträgertypcode nc
Quelle rdacarrier
490 0# - Gesamttitelangabe
Gesamttitelangabe Učenye SSSR. Očerki, vospominanija, materialy
600 ## - Nebeneintragung unter einem Schlagwort - Personenname
Personenname Kurčatov, Igor' Vasil'evič
700 1# - Nebeneintragung - Personenname
Personenname Aleksandrov, Anatolij P.
Funktionsbezeichnung Hrsg.
Funktionsbezeichnungscode edt
710 2# - Nebeneintragung - Körperschaftsname
Körperschafts- oder Gebietskörperschaftsname als Eintragungselement Akademija Nauk SSSR
Sonstige Informationen Moskau
Untergeordnete Körperschaft Otdelenie Jadernoj Fiziki
IDN des Normdatensatzes oder Standardnummer (DE-588)5073220-1
-- (DE-627)121371735
-- (DE-576)194335518
Funktionsbezeichnungscode oth
942 ## - Zusätzliche Felder (Koha)
Klassifikation oder Aufstellungssystematik Andere/Generische Klassifikation
Koha-Medientyp Monographien
Exemplare
Ausgeschieden Verloren Klassifikation oder Aufstellungssystematik Beschädigt Nicht entleihbar Heimatbibliothek Aufenthaltsbibliothek Aufstellungsort Erwerbungsdatum Inventarnummer Signatur Barcode Letzte Aktivität Preis gültig von Koha-Medientyp
    Andere/Generische Klassifikation     MWN Osteuropa MWN Osteuropa Magazin - 2 08/07/2021 21-01331 R 60 rb Ale E00401082D371CF2 08/07/2021 08/07/2021 Monographien